| 000 | 00856nam a22002297a 4500 | ||
|---|---|---|---|
| 999 |
_c6961 _d6961 |
||
| 003 | AR-CdUCM | ||
| 008 | 190319b ||||| |||| 00| 0 spa d | ||
| 040 |
_aMUNICIPALIDAD PROVINCIAL DEL CUSCO _cBIBLIOTECA MUNICIPAL DEL CUSCO |
||
| 041 | _heng | ||
| 082 |
_a575.1 / _bS79 |
||
| 100 |
_aStern, Curt _919629 |
||
| 245 | _aPrincipios de genética humana / | ||
| 260 |
_aBarcelona : _bEl ateneo, _c1963. |
||
| 300 |
_a890 páginas ; _bIlustraciones, _c24.5 cm. |
||
| 500 | _aTitulo original: Principles of human genetics | ||
| 505 | _aLas bases biológicas de la herencia humana -- Acción génica -- Herencia simple de un factor único -- Genes letales y subletales -- Las proporciones genéticas ... | ||
| 650 |
_aGenética _95063 |
||
| 650 |
_aHerencia humana _919630 |
||
| 700 |
_aDrets, Maximo Eduardo _919631 |
||
| 942 |
_2ddc _cLIBROS |
||
| 945 | _aacv | ||